000 00355nam a2200145Ia 4500
008 151213s9999 xx 000 0 und d
100 _aMichado' Nill
245 _aThe Poems of W.B.Poets
_cMichado' Nill
260 _aLondon
_bRouttadge
_c2002
300 _a2202 p.
650 _aEnglish
650 _aEnglish
700 _aMichado' Nill
999 _c1607
_d1607